What to grow for a climate resilient garden / (Record no. 1863)

MARC details
000 -LEADER
fixed length control field 03239cam a2200541 i 4500
001 - CONTROL NUMBER
control field data
003 - CONTROL NUMBER IDENTIFIER
control field data
005 - DATE AND TIME OF LATEST TRANSACTION
control field 20260322212121.0
007 - PHYSICAL DESCRIPTION FIXED FIELD--GENERAL INFORMATION
fixed length control field data
008 - FIXED-LENGTH DATA ELEMENTS--GENERAL INFORMATION
fixed length control field data
010 ## - LIBRARY OF CONGRESS CONTROL NUMBER
LC control number 2025410540
020 ## - INTERNATIONAL STANDARD BOOK NUMBER
International Standard Book Number 9781529438123
Qualifying information hardcover
020 ## - INTERNATIONAL STANDARD BOOK NUMBER
International Standard Book Number 1529438128
020 ## - INTERNATIONAL STANDARD BOOK NUMBER
Canceled/invalid ISBN 9781529438130
Qualifying information ebook
035 ## - SYSTEM CONTROL NUMBER
System control number (OCoLC)1517419487
040 ## - CATALOGING SOURCE
Original cataloging agency UKYRK
Language of cataloging eng
Description conventions rda
Transcribing agency UKYRK
Modifying agency DLC
-- OCLCQ
-- KGSCL
-- DLC
-- DLC-MRC
-- DLC
042 ## - AUTHENTICATION CODE
Authentication code lccopycat
050 00 - LIBRARY OF CONGRESS CALL NUMBER
Classification number SB453.5
Item number .R37 2025
082 04 - DEWEY DECIMAL CLASSIFICATION NUMBER
Classification number 635
Edition information 23
100 1# - MAIN ENTRY--PERSONAL NAME
Personal name Rasmussen, Amanda M. C.
Relator term author
Relationship http://id.loc.gov/vocabulary/relators/aut
-- http://id.loc.gov/vocabulary/relators/aut
Authority record control number or standard number http://id.loc.gov/authorities/names/nr2002026401
Real World Object URI http://id.loc.gov/rwo/agents/nr2002026401
245 10 - TITLE STATEMENT
Title What to grow for a climate resilient garden /
Statement of responsibility, etc. Dr Amanda Rasmussen.
264 #1 - PRODUCTION, PUBLICATION, DISTRIBUTION, MANUFACTURE, AND COPYRIGHT NOTICE
Place of production, publication, distribution, manufacture London :
Name of producer, publisher, distributor, manufacturer Greenfinch,
Date of production, publication, distribution, manufacture, or copyright notice 2025.
300 ## - PHYSICAL DESCRIPTION
Extent 223 pages
Other physical details illustrations (color)
Dimensions 26 cm
334 ## - MODE OF ISSUANCE
Mode of issuance term single unit
Mode of issuance code mono
Authority record control number or standard number http://id.loc.gov/vocabulary/issuance/mono
336 ## - CONTENT TYPE
Content type term text
Content type code txt
Source rdacontent
Authority record control number or standard number http://id.loc.gov/vocabulary/contentTypes/txt
336 ## - CONTENT TYPE
Content type term still image
Content type code sti
Source rdacontent
Authority record control number or standard number http://id.loc.gov/vocabulary/contentTypes/sti
337 ## - MEDIA TYPE
Media type term unmediated
Media type code n
Source rdamedia
Authority record control number or standard number http://id.loc.gov/vocabulary/mediaTypes/n
338 ## - CARRIER TYPE
Carrier type term volume
Carrier type code nc
Source rdacarrier
Authority record control number or standard number http://id.loc.gov/vocabulary/carriers/nc
340 ## - PHYSICAL MEDIUM
Illustrative content illustrations
Authority record control number or standard number http://id.loc.gov/vocabulary/millus/ill
353 ## - SUPPLEMENTARY CONTENT CHARACTERISTICS
Supplementary content term bibliography
Supplementary content code bibliography
Authority record control number or standard number http://id.loc.gov/vocabulary/msupplcont/bibliography
353 ## - SUPPLEMENTARY CONTENT CHARACTERISTICS
Supplementary content term index
Supplementary content code index
Authority record control number or standard number http://id.loc.gov/vocabulary/msupplcont/index
500 ## - GENERAL NOTE
General note Published in association with the Royal Horticultural Society.
504 ## - BIBLIOGRAPHY, ETC. NOTE
Bibliography, etc. note Includes bibliographical references and index.
520 ## - SUMMARY, ETC.
Summary, etc. 'What to Grow for a Climate Resilient Garden' urges green-thumbed readers that are conscious of the environment to think deeper about the impact of maintaining a thriving garden on the future of the planet, and vice versa. With easy, practical ideas, it is the ideal book for experienced gardeners and a growing environmentally-inclined public looking for ways to make a difference. Eminent plant expert Dr Amanda Rasmussen explains what makes particular plants suited to certain conditions, along with easy-to-implement ideas for forward-thinking gardeners.
650 #0 - SUBJECT ADDED ENTRY--TOPICAL TERM
Topical term or geographic name entry element Gardening
Authority record control number or standard number http://id.loc.gov/authorities/subjects/sh85053089
650 #6 - SUBJECT ADDED ENTRY--TOPICAL TERM
Topical term or geographic name entry element Jardinage
650 #7 - SUBJECT ADDED ENTRY--TOPICAL TERM
Topical term or geographic name entry element gardening
Source of heading or term aat
650 #7 - SUBJECT ADDED ENTRY--TOPICAL TERM
Topical term or geographic name entry element Gardening
Source of heading or term ukslc
710 2# - ADDED ENTRY--CORPORATE NAME
Corporate name or jurisdiction name as entry element Royal Horticultural Society (Great Britain)
Relator term associated with work
Authority record control number or standard number http://id.loc.gov/authorities/names/n80002921
Real World Object URI http://id.loc.gov/rwo/agents/n80002921
758 ## - RESOURCE IDENTIFIER
Real World Object URI http://id.loc.gov/resources/instances/in00024305220
758 ## - RESOURCE IDENTIFIER
Relationship http://id.loc.gov/ontologies/bibframe/instanceOf
Real World Object URI http://id.loc.gov/resources/works/in00024305220
884 ## - DESCRIPTION CONVERSION INFORMATION
Conversion process DLC bibframe2marc v3.0-dev
Conversion date 20250829
Conversion agency DLC
Uniform Resource Identifier https://github.com/lcnetdev/bibframe2marc/tree/v3.0-dev
906 ## - LOCAL DATA ELEMENT F, LDF (RLIN)
a 7
b cbc
c copycat
d 2
e ncip
f 20
g y-gencatlg
925 0# -
-- acquire
-- 1 shelf copy
-- policy default
936 ## - OCLC/CONSER MISCELLANEOUS DATA (OCLC); PIECE USED FOR CATALOGING (pre-AACR2) (RLIN)
OCLC control number(s) of parallel record(s) (OCLC); Piece used for cataloging, PUC (RLIN) BATCHLOAD
955 ## - COPY-LEVEL INFORMATION (RLIN)
-- rp10 2025-08-29
985 ## -
-- BIBFRAME
-- 2025-08-29T09:46:01
Holdings
Withdrawn status Lost status Damaged status Not for loan Home library Current library Shelving location Date acquired Total checkouts Full call number Barcode Date last seen Price effective from Koha item type
        Centerville Centerville General stacks 22/03/2026   635 LOC-CPL-00031 22/03/2026 22/03/2026 Books